| 000 | 00355nam a2200133Ia 4500 | ||
|---|---|---|---|
| 008 | 210716s1997 xx 000 0 und d | ||
| 041 | _aeng | ||
| 082 | _a005.268 WEIS | ||
| 100 | _aWeinschenk, Susan;Jamar, Pamela;Yeo, Sarah C. | ||
| 245 | _aGUI design essentials. | ||
| 250 | _a1 | ||
| 260 |
_aNew York _bJohn Wiley & sons _c1997 |
||
| 300 | _axviii,345 | ||
| 999 |
_c183078 _d183078 |
||